Top 5 best universities in Europe - Statistics

General Stats
  • This quiz has been taken 60 times
  • The average score is 3 of 5
Answer Stats
Rank Answer % Correct
3 University of Oxford
97%
4 University of Cambridge
90%
2 Imperial College London
31%
5 UCL
31%
1 ETH Zurich
28%
No matching quizzes found
Score Distribution
Percent of People with Each Score
Percentile by Number Answered
Your Score History
You have not taken this quiz